00238nam a2200097Ia 4500001000800000005001700008008004100025020001800066245003700084260001900121127238220260417151427.0260417s9999 xx 000 0 und d a9786255888563 0aHala Gelmedik mi?cSven Völker bKetebe Çocuk